00261 a2200109 4500000002500000020001800025100002400043245004500067260001400112264000800126999001700134 nam a22 7a 4500 a9780367270018 aTotten,George E997 aHandbook of metallurgical process design bCRCc2019 bCRC c35983d35983